[Event "OP-2014-0-03490"]
[Site "LSS email"]
[Date "2014.09.02"]
[Round "?"]
[White "Evans, Stanley W"]
[Black "Loktayev, Vladislav"]
[Result "1/2-1/2"]
[WhiteElo "1172"]
[BlackElo "1630"]
[PlyCount "63"]
[EventDate "2014.08.28"]
[EventType "tourn (corr)"]
[EventRounds "4"]
[EventCountry "GER"]
[SourceTitle "Corr 2015"]
[Source "ChessBase"]
[SourceDate "2015.07.17"]
[SourceVersion "1"]
[SourceVersionDate "2015.07.17"]
[SourceQuality "1"]

1. e4 c5 2. Nf3 d6 3. d3 Nf6 4. g3 Nc6 5. Bg2 g6 6. 0-0 Bg7 7. c3 0-0 8. Re1 b5 9. d4 cxd4 10. Nxd4 Bb7 11. Nxb5 Qb6 12. N1a3 Nd7 13. Be3 Qd8 14. Qd2 Re8 15. Rad1 a6 16. Nd4 Qc7 17. Nxc6 Bxc6 18. Bd4 Rab8 19. Bxg7 Kxg7 20. Nc4 h6 21. b3 Bb5 22. Ne3 Ne5 23. Nd5 Qd7 24. c4 Bc6 25. f4 Ng4 26. Qc3+ Kg8 27. Bh3 h5 28. Qd2 Bxd5 29. exd5 Kh7 30. Bxg4 Qxg4 31. Qe2 Qxe2 32. Rxe2 1/2-1/2

[Event "OP-2014-0-03450"]
[Site "LSS email"]
[Date "2014.07.28"]
[Round "?"]
[White "Cardoso do Espirito Santo, Rubens"]
[Black "Loktayev, Vladislav"]
[Result "1-0"]
[WhiteElo "1715"]
[BlackElo "1630"]
[PlyCount "87"]
[EventDate "2014.07.21"]
[EventType "tourn (corr)"]
[EventRounds "4"]
[EventCountry "GER"]
[SourceTitle "Corr 2015"]
[Source "ChessBase"]
[SourceDate "2015.07.17"]
[SourceVersion "1"]
[SourceVersionDate "2015.07.17"]
[SourceQuality "1"]

1. e4 c5 2. Nf3 d6 3. d4 cxd4 4. Nxd4 Nf6 5. Nc3 a6 6. Be2 e5 7. Nb3 Be7 8. 0-0 0-0 9. Be3 Be6 10. Qd2 Nbd7 11. f3 b5 12. Rad1 Nb6 13. a3 Nc4 14. Bxc4 Bxc4 15. Rfe1 Bxb3 16. cxb3 Rc8 17. b4 Qc7 18. Rc1 Qb7 19. Bg5 h6 20. Be3 Rfd8 21. Red1 Kh7 22. Rc2 Rc6 23. Nd5 Nxd5 24. Qxd5 Rc7 25. Rxc7 Qxc7 26. Qxf7 Rd7 27. Qf5+ Kh8 28. Rc1 Qb7 29. h3 Rc7 30. Rxc7 Qxc7 31. Qe6 Qd8 32. Kf2 Bh4+ 33. g3 Bg5 34. f4 exf4 35. gxf4 Bf6 36. b3 Kh7 37. e5 dxe5 38. fxe5 Bh4+ 39. Ke2 Qc7 40. Qf5+ Kg8 41. Qe4 Bg5 42. Bxg5 hxg5 43. Qd5+ Kh7 44. Kd2 1-0

[Event "OP-2014-0-03450"]
[Site "LSS email"]
[Date "2014.07.28"]
[Round "?"]
[White "Loktayev, Vladislav"]
[Black "Shim Ng Min, Francis"]
[Result "1/2-1/2"]
[WhiteElo "1630"]
[BlackElo "1109"]
[PlyCount "43"]
[EventDate "2014.07.21"]
[EventType "tourn (corr)"]
[EventRounds "4"]
[EventCountry "GER"]
[SourceTitle "Corr 2015"]
[Source "ChessBase"]
[SourceDate "2015.07.17"]
[SourceVersion "1"]
[SourceVersionDate "2015.07.17"]
[SourceQuality "1"]

1. d4 Nf6 2. c4 g6 3. Nc3 Bg7 4. e4 d6 5. f4 0-0 6. Bd3 c5 7. d5 e6 8. Nge2 exd5 9. exd5 Bg4 10. h3 Bxe2 11. Nxe2 Re8 12. 0-0 Nbd7 13. Bd2 Ne4 14. Qc2 Nxd2 15. Qxd2 b6 16. Rae1 Qh4 17. Kh2 Nf6 18. g3 Qh6 19. Kg2 Ne4 20. Bxe4 Rxe4 21. b3 Rae8 22. Nc3 1/2-1/2

[Event "OP-2014-0-03435"]
[Site "LSS email"]
[Date "2014.07.12"]
[Round "?"]
[White "Galje, Hans"]
[Black "Loktayev, Vladislav"]
[Result "1-0"]
[WhiteElo "2033"]
[BlackElo "1680"]
[PlyCount "35"]
[EventDate "2014.07.03"]
[EventType "tourn (corr)"]
[EventRounds "4"]
[EventCountry "GER"]
[SourceTitle "Corr 2015"]
[Source "ChessBase"]
[SourceDate "2015.07.17"]
[SourceVersion "1"]
[SourceVersionDate "2015.07.17"]
[SourceQuality "1"]

1. d4 Nf6 2. c4 e6 3. Nc3 d5 4. cxd5 exd5 5. Bg5 Be7 6. e3 0-0 7. Bd3 h6 8. Bh4 Nbd7 9. Qc2 c5 10. Nge2 b6 11. 0-0 Re8 12. Bb5 Bb7 13. dxc5 bxc5 14. Rad1 a6 15. Ba4 Qc7 16. Bxf6 Bxf6 17. Nxd5 Bxd5 18. Rxd5 1-0

[Event "BI-2014-P-0033"]
[Site "LSS email"]
[Date "2014.04.19"]
[Round "?"]
[White "Loktayev, Vladislav"]
[Black "Plunkett, Louis"]
[Result "1-0"]
[WhiteElo "1630"]
[BlackElo "1158"]
[PlyCount "39"]
[EventDate "2014.04.25"]
[EventType "tourn (corr)"]
[EventRounds "10"]
[EventCountry "GER"]
[SourceTitle "Corr 2015"]
[Source "ChessBase"]
[SourceDate "2015.07.17"]
[SourceVersion "1"]
[SourceVersionDate "2015.07.17"]
[SourceQuality "1"]

1. d4 d5 2. c4 Nc6 3. Nf3 Nf6 4. cxd5 Qxd5 5. Nc3 Qd6 6. e4 Qd8 7. d5 Nb8 8. e5 Ng8 9. Bc4 c6 10. 0-0 g6 11. Qb3 Bg7 12. dxc6 Nxc6 13. Bxf7+ Kf8 14. Bxg8 Rxg8 15. Ng5 e6 16. Nxh7+ Kf7 17. Rd1 Qc7 18. Nb5 Qxe5 19. Nd6+ Ke7 20. Bg5+ 1-0

[Event "BI-2013-F-0012"]
[Site "LSS email"]
[Date "2014.02.21"]
[Round "?"]
[White "Almeida, Ramiro da Costa"]
[Black "Loktayev, Vladislav"]
[Result "1-0"]
[WhiteElo "2115"]
[BlackElo "1680"]
[PlyCount "77"]
[EventDate "2014.02.27"]
[EventType "tourn (corr)"]
[EventRounds "10"]
[EventCountry "GER"]
[SourceTitle "Corr 2015"]
[Source "ChessBase"]
[SourceDate "2015.07.17"]
[SourceVersion "1"]
[SourceVersionDate "2015.07.17"]
[SourceQuality "1"]

1. e4 c5 2. Nf3 d6 3. d4 cxd4 4. Nxd4 Nf6 5. Nc3 a6 6. Be3 e5 7. Nb3 Be7 8. Be2 0-0 9. 0-0 Be6 10. Qd3 Nc6 11. a3 Rc8 12. Rac1 h6 13. Rfd1 Na5 14. Nxa5 Qxa5 15. Nd5 Nxd5 16. exd5 Bd7 17. c4 f5 18. f3 Ba4 19. b3 Bd7 20. b4 Qd8 21. c5 Ba4 22. Re1 Kh8 23. Kh1 Qd7 24. Bd1 Bb5 25. Qd2 dxc5 26. bxc5 e4 27. a4 Bd3 28. Bb3 Bh4 29. Red1 Bf6 30. d6 Rb8 31. Qa2 Qe8 32. Bd5 Qh5 33. Bf4 Bg5 34. Bxg5 hxg5 35. Bxb7 Rxb7 36. c6 Qf7 37. Qxf7 Rbxf7 38. d7 Rd8 39. Rc5 1-0

[Event "BI-2013-F-0012"]
[Site "LSS email"]
[Date "2014.02.21"]
[Round "?"]
[White "Loktayev, Vladislav"]
[Black "Krabbenbos, Jan"]
[Result "1/2-1/2"]
[WhiteElo "1680"]
[BlackElo "1803"]
[PlyCount "37"]
[EventDate "2014.02.27"]
[EventType "tourn (corr)"]
[EventRounds "10"]
[EventCountry "GER"]
[SourceTitle "Corr 2015"]
[Source "ChessBase"]
[SourceDate "2015.07.17"]
[SourceVersion "1"]
[SourceVersionDate "2015.07.17"]
[SourceQuality "1"]

1. d4 Nf6 2. c4 g6 3. Nc3 Bg7 4. e4 d6 5. Nf3 0-0 6. h3 e5 7. dxe5 dxe5 8. Bg5 Na6 9. Qxd8 Rxd8 10. Nd5 Rd6 11. Bxf6 Bxf6 12. b4 b6 13. b5 Nc5 14. Nxc7 Rb8 15. Ne8 Re6 16. Nxf6+ Rxf6 17. Nxe5 Nxe4 18. Be2 Re6 19. Nc6 1/2-1/2

[Event "BI-2013-F-0012"]
[Site "LSS email"]
[Date "2014.02.21"]
[Round "?"]
[White "Montoro, Gustavo Ernesto"]
[Black "Loktayev, Vladislav"]
[Result "0-1"]
[WhiteElo "1876"]
[BlackElo "1680"]
[PlyCount "56"]
[EventDate "2014.02.27"]
[EventType "tourn (corr)"]
[EventRounds "10"]
[EventCountry "GER"]
[SourceTitle "Corr 2015"]
[Source "ChessBase"]
[SourceDate "2015.07.17"]
[SourceVersion "1"]
[SourceVersionDate "2015.07.17"]
[SourceQuality "1"]

1. e4 c5 2. Nf3 d6 3. d4 cxd4 4. Nxd4 Nf6 5. Nc3 a6 6. g3 e5 7. Nb3 Be7 8. Bg2 0-0 9. 0-0 Be6 10. a4 Nbd7 11. a5 Rc8 12. Be3 Qc7 13. h3 h6 14. Re1 Rfd8 15. Re2 Re8 16. Rd2 Qb8 17. Qe2 Qc7 18. Kh2 Bc4 19. Qd1 Be6 20. Qe2 Qb8 21. Rdd1 Bc4 22. Qd2 Qc7 23. Nc1 Be6 24. Nd3 b6 25. axb6 Nxb6 26. Rxa6 Nc4 27. Qc1 Qb7 28. Ra7 Qb8 0-1

[Event "RC-2013-0-00137"]
[Site "LSS email"]
[Date "2014.01.04"]
[Round "?"]
[White "Lelito, Jerzy"]
[Black "Loktayev, Vladislav"]
[Result "1/2-1/2"]
[WhiteElo "1837"]
[BlackElo "1682"]
[PlyCount "87"]
[EventDate "2013.11.26"]
[EventType "tourn (corr)"]
[EventRounds "6"]
[EventCountry "GER"]
[SourceTitle "Telechess CBM 167"]
[Source "ChessBase"]
[SourceDate "2015.07.13"]
[SourceVersion "1"]
[SourceVersionDate "2015.07.13"]
[SourceQuality "1"]

1. e4 c5 2. Nf3 d6 3. d4 cxd4 4. Nxd4 Nf6 5. Nc3 a6 6. Be3 e5 7. Nb3 Be7 8. f3 0-0 9. Qd2 Be6 10. 0-0-0 Nbd7 11. h4 b5 12. g4 b4 13. Nd5 Bxd5 14. exd5 a5 15. g5 a4 16. Na1 Nh5 17. Bb5 a3 18. Qxb4 axb2+ 19. Kxb2 Ng3 20. Rhe1 Nf5 21. Bf2 Qc7 22. a4 Rfc8 23. Qe4 g6 24. Nb3 Nb6 25. Bxb6 Qxb6 26. c4 Qf2+ 27. Re2 Qa7 28. Rh2 Bd8 29. f4 exf4 30. Qxf4 Bb6 31. Re2 Be3 32. Qg4 Rc7 33. h5 Re7 34. Rde1 Re5 35. hxg6 hxg6 36. Ka2 Kg7 37. Rh1 Qe7 38. Qg2 Bf4 39. Rxe5 Bxe5 40. Qd2 Qc7 41. Ka3 Qb6 42. Re1 Qc7 43. Rh1 Qb6 44. Re1 1/2-1/2

[Event "RC-2013-0-00134"]
[Site "LSS email"]
[Date "2013.12.06"]
[Round "?"]
[White "Crapulli, Giuseppe"]
[Black "Loktayev, Vladislav"]
[Result "1/2-1/2"]
[WhiteElo "1639"]
[BlackElo "1682"]
[PlyCount "101"]
[EventDate "2013.10.27"]
[EventType "tourn (corr)"]
[EventRounds "6"]
[EventCountry "GER"]
[SourceTitle "Telechess CBM 167"]
[Source "ChessBase"]
[SourceDate "2015.07.13"]
[SourceVersion "1"]
[SourceVersionDate "2015.07.13"]
[SourceQuality "1"]

1. e4 c5 2. Nf3 d6 3. d4 cxd4 4. Nxd4 Nf6 5. Nc3 a6 6. Be3 e5 7. Nb3 Be7 8. f3 0-0 9. Qd2 Be6 10. 0-0-0 Nbd7 11. g4 b5 12. g5 b4 13. gxf6 bxc3 14. Qxc3 Nxf6 15. Na5 Rc8 16. Nc6 Qd7 17. Nxe7+ Qxe7 18. Qa5 Rc6 19. Kb1 Rfc8 20. b3 Nh5 21. Rg1 g6 22. Rg2 Bh3 23. Rgd2 Bxf1 24. Rxf1 Ng7 25. c4 Ne6 26. Rd5 Rb8 27. Ka1 Qf6 28. Qd2 Rd8 29. Kb1 Rb8 30. Rxd6 Rxc4 31. Qd3 Rc7 32. Qxa6 Rbc8 33. Qe2 Rc2 34. Rd2 R2c7 35. Rfd1 Qe7 36. Kb2 Qf6 37. a4 Rc3 38. Rd3 Rc2+ 39. Qxc2 Rxc2+ 40. Kxc2 Qxf3 41. a5 Qxe4 42. Kb2 Nf4 43. Rc3 Qa8 44. b4 Kg7 45. Rb3 Qe4 46. b5 Ng2 47. Rdd3 Nxe3 48. Rxe3 Qg2+ 49. Kc3 Qf2 50. Kc4 Qh4+ 51. Kd5 1/2-1/2

[Event "SC-2013-0-00201"]
[Site "LSS email"]
[Date "2013.11.05"]
[Round "?"]
[White "Loktayev, Vladislav"]
[Black "Gajic, Sladjan"]
[Result "1/2-1/2"]
[WhiteElo "1680"]
[BlackElo "1305"]
[PlyCount "37"]
[EventDate "2013.09.29"]
[EventType "tourn (corr)"]
[EventRounds "6"]
[EventCountry "GER"]
[SourceTitle "Corr 2015"]
[Source "ChessBase"]
[SourceDate "2015.07.17"]
[SourceVersion "1"]
[SourceVersionDate "2015.07.17"]
[SourceQuality "1"]

1. d4 Nf6 2. c4 e6 3. Nf3 d5 4. Nc3 c6 5. e3 Nbd7 6. Bd3 dxc4 7. Bxc4 b5 8. Bd3 Bb7 9. a3 b4 10. axb4 Bxb4 11. 0-0 c5 12. Ba6 Qb6 13. Qe2 0-0 14. Rd1 h6 15. Bd2 Bxa6 16. Rxa6 Qb7 17. h3 cxd4 18. exd4 Rfc8 19. Qb5 1/2-1/2

[Event "OP-2013-0-03092"]
[Site "LSS email"]
[Date "2013.11.01"]
[Round "?"]
[White "Grimm, Wolfgang"]
[Black "Loktayev, Vladislav"]
[Result "0-1"]
[WhiteElo "1207"]
[BlackElo "1697"]
[PlyCount "40"]
[EventDate "2013.10.28"]
[EventType "tourn (corr)"]
[EventRounds "4"]
[EventCountry "GER"]
[SourceTitle "Telechess CBM 167"]
[Source "ChessBase"]
[SourceDate "2015.07.13"]
[SourceVersion "1"]
[SourceVersionDate "2015.07.13"]
[SourceQuality "1"]

1. c4 c5 2. d4 cxd4 3. Qxd4 Nc6 4. Qd1 e6 5. Nc3 Nf6 6. Bf4 Qb6 7. Qc2 d5 8. e3 e5 9. Bg5 d4 10. exd4 Nxd4 11. Qd2 Bf5 12. 0-0-0 Bb4 13. Nf3 0-0-0 14. Qe3 Ng4 15. Bxd8 Rxd8 16. Qe1 Bxc3 17. Qxc3 Nxf2 18. Rd2 Nxh1 19. Nxd4 Rxd4 20. Kd1 Nf2+ 0-1

[Event "SC-2013-0-00198"]
[Site "LSS email"]
[Date "2013.10.10"]
[Round "?"]
[White "Meisinger, Peter"]
[Black "Loktayev, Vladislav"]
[Result "0-1"]
[WhiteElo "1157"]
[BlackElo "1680"]
[PlyCount "30"]
[EventDate "2013.08.30"]
[EventType "tourn (corr)"]
[EventRounds "6"]
[EventCountry "GER"]
[SourceTitle "Corr 2015"]
[Source "ChessBase"]
[SourceDate "2015.07.17"]
[SourceVersion "1"]
[SourceVersionDate "2015.07.17"]
[SourceQuality "1"]

1. d4 Nf6 2. c4 e6 3. Nc3 d5 4. e3 c5 5. Nf3 Nc6 6. Bd3 dxc4 7. Bxc4 cxd4 8. exd4 Bd6 9. 0-0 0-0 10. Re1 h6 11. d5 Na5 12. Bb3 Nxb3 13. axb3 exd5 14. Nxd5 Nxd5 15. Qxd5 Bxh2+ 0-1

[Event "SC-2013-0-00195"]
[Site "LSS email"]
[Date "2013.09.09"]
[Round "?"]
[White "Richter, Klaus"]
[Black "Loktayev, Vladislav"]
[Result "1/2-1/2"]
[WhiteElo "1654"]
[BlackElo "1680"]
[PlyCount "48"]
[EventDate "2013.07.23"]
[EventType "tourn (corr)"]
[EventRounds "6"]
[EventCountry "GER"]
[SourceTitle "Corr 2015"]
[Source "ChessBase"]
[SourceDate "2015.07.17"]
[SourceVersion "1"]
[SourceVersionDate "2015.07.17"]
[SourceQuality "1"]

1. d4 Nf6 2. f3 d5 3. e4 dxe4 4. Nc3 exf3 5. Nxf3 e6 6. Bg5 Nc6 7. Bd3 Be7 8. a3 h6 9. Bf4 Bd6 10. Qd2 Bxf4 11. Qxf4 Qd6 12. Qh4 a6 13. 0-0-0 Nd5 14. Nxd5 exd5 15. Kb1 Be6 16. Rde1 0-0 17. Rhf1 Rae8 18. h3 Bd7 19. g4 Rxe1+ 20. Rxe1 Qf4 21. Rf1 Be6 22. c3 Re8 23. Ka2 Nb8 24. Ne5 Qd2 1/2-1/2

[Event "SC-2013-0-00191"]
[Site "LSS email"]
[Date "2013.07.24"]
[Round "?"]
[White "Pilgram, Kurt"]
[Black "Loktayev, Vladislav"]
[Result "1-0"]
[WhiteElo "1861"]
[BlackElo "1682"]
[PlyCount "79"]
[EventDate "2013.05.31"]
[EventType "tourn (corr)"]
[EventRounds "6"]
[EventCountry "GER"]
[SourceTitle "Telechess CBM 167"]
[Source "ChessBase"]
[SourceDate "2015.07.13"]
[SourceVersion "1"]
[SourceVersionDate "2015.07.13"]
[SourceQuality "1"]

1. e4 c5 2. Nf3 d6 3. d4 cxd4 4. Nxd4 Nf6 5. Nc3 a6 6. Be3 e5 7. Nb3 Be7 8. f3 Be6 9. Qd2 Nbd7 10. g4 h6 11. 0-0-0 b5 12. h4 Nb6 13. Qf2 Nfd7 14. Kb1 Nc4 15. Bxc4 bxc4 16. Nc1 Rb8 17. N1e2 Qa5 18. Nd5 Bxd5 19. Rxd5 Qa3 20. Bc1 Nc5 21. Ka1 Qb4 22. Nc3 Qb7 23. Rdd1 0-0 24. Nd5 Na4 25. b3 Nc5 26. g5 h5 27. f4 exf4 28. Bxf4 Rfe8 29. Qg2 cxb3 30. cxb3 Rbc8 31. Rhe1 Rc6 32. Bc1 Bd8 33. Qf3 a5 34. Bb2 a4 35. Qxh5 Re6 36. b4 Nd7 37. Nf4 Re8 38. Bxg7 Kxg7 39. Qh6+ Kg8 40. Nh5 1-0

[Event "SC-2013-0-00191"]
[Site "LSS email"]
[Date "2013.07.23"]
[Round "?"]
[White "Loktayev, Vladislav"]
[Black "Correa de Almeida, Claudio"]
[Result "1/2-1/2"]
[WhiteElo "1682"]
[BlackElo "1477"]
[PlyCount "81"]
[EventDate "2013.05.31"]
[EventType "tourn (corr)"]
[EventRounds "6"]
[EventCountry "GER"]
[SourceTitle "Telechess CBM 167"]
[Source "ChessBase"]
[SourceDate "2015.07.13"]
[SourceVersion "1"]
[SourceVersionDate "2015.07.13"]
[SourceQuality "1"]

1. d4 Nf6 2. c4 g6 3. Nc3 d5 4. cxd5 Nxd5 5. e4 Nxc3 6. bxc3 Bg7 7. Bb5+ c6 8. Bc4 c5 9. Ne2 Nc6 10. Be3 0-0 11. 0-0 Bg4 12. f3 Bd7 13. Rb1 Rc8 14. dxc5 Na5 15. Bb3 Qc7 16. Qc2 Rfd8 17. Rfd1 h5 18. Kh1 h4 19. Nf4 e6 20. Nd3 Bf6 21. Bf4 e5 22. Be3 Nxb3 23. axb3 Be6 24. h3 b5 25. cxb6 axb6 26. c4 Be7 27. Ra1 Ra8 28. Rxa8 Rxa8 29. Qc3 Rd8 30. Ra1 Qd6 31. Nb2 Qc7 32. Na4 Rb8 33. Qd3 Qd8 34. Qxd8+ Bxd8 35. Nc3 Be7 36. Kg1 Bc5 37. Kf2 f5 38. Ra6 Bf7 39. Nd5 f4 40. Bxc5 bxc5 41. Rb6 1/2-1/2

[Event "BI-2013-P-00022"]
[Site "LSS email"]
[Date "2013.04.22"]
[Round "?"]
[White "Loktayev, Vladislav"]
[Black "Frendzas, Panayotis"]
[Result "0-1"]
[WhiteElo "1670"]
[BlackElo "2397"]
[PlyCount "86"]
[EventDate "2013.04.25"]
[EventType "tourn (corr)"]
[EventRounds "12"]
[EventCountry "GER"]
[SourceTitle "Telechess CBM 163"]
[Source "ChessBase"]
[SourceDate "2014.11.11"]
[SourceVersion "2"]
[SourceVersionDate "2014.11.11"]
[SourceQuality "1"]

1. d4 Nf6 2. c4 e6 3. Nf3 b6 4. Nc3 Bb7 5. a3 d5 6. cxd5 Nxd5 7. e3 g6 8. Bd2 Bg7 9. Qa4+ c6 10. h4 0-0 11. h5 Nd7 12. Nxd5 exd5 13. Rc1 Re8 14. hxg6 hxg6 15. Bd3 c5 16. Bb5 Re7 17. 0-0 Rc8 18. Rfd1 a6 19. Bxd7 Rxd7 20. Bc3 c4 21. Qc2 Rdc7 22. Ne5 Qh4 23. Qe2 Re8 24. Qc2 Bc8 25. Re1 Bf5 26. Qa4 Rb8 27. Nf3 Qh6 28. Bd2 Be4 29. Bb4 g5 30. Nd2 Bd3 31. Qd1 f5 32. Qf3 Rd7 33. Qg3 Re8 34. Qh2 Qg6 35. Nf3 g4 36. Ne5 Bxe5 37. dxe5 Rh7 38. Qg3 Qg7 39. Bc3 Re6 40. f4 gxf3 41. Qxg7+ Rxg7 42. Kf2 Rxg2+ 43. Kxf3 Be4+ 0-1

[Event "BI-2013-P-00022"]
[Site "LSS email"]
[Date "2013.04.22"]
[Round "?"]
[White "Neumann, Frank"]
[Black "Loktayev, Vladislav"]
[Result "0-1"]
[WhiteElo "547"]
[BlackElo "1670"]
[PlyCount "22"]
[EventDate "2013.04.25"]
[EventType "tourn (corr)"]
[EventRounds "12"]
[EventCountry "GER"]
[SourceTitle "Corr 2015"]
[Source "ChessBase"]
[SourceDate "2015.07.17"]
[SourceVersion "1"]
[SourceVersionDate "2015.07.17"]
[SourceQuality "1"]

1. c4 Nf6 2. e3 e5 3. Nf3 e4 4. Nd4 Nc6 5. Nxc6 dxc6 6. Be2 Bd6 7. 0-0 0-0 8. Nc3 Bf5 9. b3 Qe7 10. Bb2 Qe5 11. Na4 Qxh2# 0-1

[Event "WC-2017-P-00010"]
[Site "LSS email"]
[Date "2013.02.27"]
[Round "?"]
[White "Edwards, KEDG"]
[Black "Loktayev, Vladislav"]
[Result "0-1"]
[WhiteElo "1616"]
[BlackElo "1701"]
[PlyCount "42"]
[EventDate "2013.03.03"]
[EventType "tourn (corr)"]
[EventRounds "12"]
[EventCountry "GER"]
[SourceTitle "Telechess CBM 167"]
[Source "ChessBase"]
[SourceDate "2015.07.13"]
[SourceVersion "1"]
[SourceVersionDate "2015.07.13"]
[SourceQuality "1"]

1. e4 c5 2. Nf3 d6 3. d4 cxd4 4. Qxd4 Nc6 5. Bb5 Bd7 6. Bxc6 Bxc6 7. c4 Nf6 8. Nc3 e6 9. 0-0 Be7 10. b3 0-0 11. Bb2 a6 12. a4 b6 13. Qe3 Qc7 14. Nd4 Bb7 15. Ba3 Ng4 16. Qg3 Nf6 17. Rfe1 Nh5 18. Qe3 Nf6 19. Bb4 h6 20. a5 bxa5 21. Bxa5 Qc5 0-1

[Event "WC-2017-P-00010"]
[Site "LSS email"]
[Date "2013.02.27"]
[Round "?"]
[White "Krueger, Hilmar"]
[Black "Loktayev, Vladislav"]
[Result "1-0"]
[WhiteElo "2162"]
[BlackElo "1701"]
[PlyCount "119"]
[EventDate "2013.03.03"]
[EventType "tourn (corr)"]
[EventRounds "12"]
[EventCountry "GER"]
[SourceTitle "Telechess CBM 167"]
[Source "ChessBase"]
[SourceDate "2015.07.13"]
[SourceVersion "1"]
[SourceVersionDate "2015.07.13"]
[SourceQuality "1"]

1. e4 c5 2. Nf3 d6 3. d4 cxd4 4. Nxd4 Nf6 5. Nc3 a6 6. Be3 e5 7. Nb3 Be6 8. f3 Nbd7 9. g4 h6 10. Qd2 b5 11. a4 b4 12. Nd5 Bxd5 13. exd5 Nb6 14. Bxb6 Qxb6 15. 0-0-0 g6 16. a5 Qb7 17. f4 Nd7 18. Kb1 Bg7 19. h4 exf4 20. Qxf4 Ne5 21. Be2 0-0 22. Rd4 Rab8 23. Rhd1 f5 24. gxf5 Rxf5 25. Qe3 Rbf8 26. Qd2 Rb8 27. Rf4 Rxf4 28. Qxf4 Re8 29. Rd4 Rb8 30. Qf1 Ra8 31. Qg2 Re8 32. Rf4 Kh8 33. Qe4 Rb8 34. Rf1 Rc8 35. h5 g5 36. Nd4 b3 37. Nxb3 Rd8 38. Ka2 Rb8 39. Rf2 Qa7 40. Rf5 Qb7 41. Rf1 Kg8 42. Qf5 Re8 43. c3 Kh8 44. Qe4 Rb8 45. Bd1 Qc8 46. Bc2 Qg8 47. Kb1 Rb5 48. Nd4 Rb7 49. Ne6 Rb8 50. Kc1 Rb7 51. Qe2 Ra7 52. Rf5 Ra8 53. Qe4 Ra7 54. Qb4 Rd7 55. Qb6 Qc8 56. Nxg7 Rxg7 57. Qxd6 Nf7 58. Qe7 Qg8 59. d6 g4 60. Bb3 1-0

[Event "WC-2017-P-00010"]
[Site "LSS email"]
[Date "2013.02.27"]
[Round "?"]
[White "Liamtsau, Valery"]
[Black "Loktayev, Vladislav"]
[Result "1-0"]
[WhiteElo "2210"]
[BlackElo "1701"]
[PlyCount "133"]
[EventDate "2013.03.03"]
[EventType "tourn (corr)"]
[EventRounds "12"]
[EventCountry "GER"]
[SourceTitle "Telechess CBM 167"]
[Source "ChessBase"]
[SourceDate "2015.07.13"]
[SourceVersion "1"]
[SourceVersionDate "2015.07.13"]
[SourceQuality "1"]

1. d4 Nf6 2. c4 e6 3. Nf3 b6 4. g3 Bb4+ 5. Bd2 Bxd2+ 6. Qxd2 Ba6 7. b3 0-0 8. Bg2 d5 9. Nc3 Qd6 10. Ne5 Nbd7 11. f4 Rac8 12. e4 dxe4 13. Nxe4 Nxe4 14. Bxe4 Nb8 15. Bg2 Rcd8 16. 0-0-0 Bc8 17. Rhe1 f6 18. Nf3 Qa3+ 19. Qb2 Qa5 20. Qe2 Qh5 21. Kb2 a5 22. a3 Rd6 23. d5 exd5 24. cxd5 Na6 25. h3 Nc5 26. Nd4 Qg6 27. Qe3 Rdd8 28. Qf3 f5 29. Nc6 Qf6+ 30. Qc3 Qxc3+ 31. Kxc3 Rde8 32. Re5 Bd7 33. d6 cxd6 34. Rxd6 Bxc6 35. Rxc6 Ne4+ 36. Kc4 Rc8 37. Bxe4 fxe4 38. Rxc8 Rxc8+ 39. Kd4 Rc1 40. Rxe4 Rd1+ 41. Kc3 Rc1+ 42. Kd2 Rg1 43. Re3 b5 44. Kc3 Ra1 45. Re5 Rxa3 46. Rxb5 Ra1 47. Kb2 Rg1 48. g4 Rg2+ 49. Ka3 Rh2 50. Rxa5 Rxh3 51. Rc5 Kf7 52. Ka4 Ke6 53. b4 Rf3 54. Rc7 g6 55. f5+ gxf5 56. gxf5+ Rxf5 57. Rxh7 Rf8 58. Ra7 Kd6 59. Ka5 Rf1 60. Rh7 Kd5 61. b5 Kc5 62. Rc7+ Kd6 63. b6 Ra1+ 64. Kb5 Rb1+ 65. Ka6 Rb2 66. Ka7 Ra2+ 67. Kb8 1-0